MARC

LEADER 00000nam0a2200000 4500
001 243979
005 20231101232020.0
035 |a (RuTPU)RU\TPU\book\265335 
090 |a 243979 
100 |a 20131010d1964 k y0rusy50 ca 
101 0 |a rus 
102 |a RU 
105 |a a z 001zy 
200 1 |a Каменные и бурые угли  |e химический состав и структура: свойства, генезис  |f В. И. Забавин  |g Академия наук СССР (АН СССР), Институт горючих ископаемых (ИГИ) 
210 |a Москва  |c Наука  |d 1964 
215 |a 199 с.  |c ил. 
320 |a Библиогр.: с. 189-195. 
606 1 |a Угли бурые  |2 stltpush  |3 (RuTPU)RU\TPU\subj\62430  |9 79506 
606 1 |a Уголь  |x Качество  |x Геология  |2 stltpush  |3 (RuTPU)RU\TPU\subj\62466  |9 79541 
610 1 |a состав 
610 1 |a структура 
610 1 |a свойства 
610 1 |a генезис 
610 1 |a изучение 
610 1 |a растворение 
610 1 |a расщепление 
675 |a 552.5  |v 3 
675 |a 553.94  |v 3 
700 1 |a Забавин  |b В. И.  |g Владимир Иванович 
712 0 2 |a Академия наук СССР (АН СССР)  |b Институт горючих ископаемых (ИГИ)  |c (Москва)  |c (1934-1947)  |2 stltpush  |3 (RuTPU)RU\TPU\col\10830 
801 1 |a RU  |b 63413507  |c 20131010 
801 2 |a RU  |b 63413507  |c 20131112  |g RCR 
942 |c BK